000 00875nam a2200265Ia 4500
003 OSt
005 20221005112708.0
006 a|||||r|||| 00| 0
007 ta
008 221004b |||||||| |||| 00| 0 pan d
020 _a9788182993990 (hbk)
_cINR 475.00
024 _a39067
037 _b1027, 12/03/2018, H.K. Prakashan
_cTextual
040 _aCRL
_cCRL
_bpan
041 _2pan
_apan
082 _aO153,3NJIx, Q8
100 _aਜਿੰਦਰ, ਂਚ.
245 0 _a31 ਕਹਾਣੀਆਂ
260 _aਦਿੱਲੀ
_bਆਰਸੀ ਪਬਲਿFਰਗ਼ ਭਾਰਤ
_c2018
300 _a325ਪ0
_ccm.
650 _a ਪੰਜਾਬੀ ਕਹਾਣੀ
650 _aਪੰਜਾਬੀ ਸਾਹਿਤ
942 _hO153,3NJIx, Q8
_cTEXL
_2cc
999 _c1025679
_d1025679